MDQL
is popping MORE tags! Check the
thread
!
Quizzes
Events
Quiz Creation
Community
Videos
Private Events
Remove Ads
Sign In
Join for FREE
Feedback
Dark Mode
Quiz Categories
Sports
Geography
Music
Movies
Television
Just For Fun
Miscellaneous
History
Literature
Language
Science
Gaming
Entertainment
Religion
Holiday
For Kids
Quiz Lab
Recent
Popular Today
Quiz Kudos Today
Editor Picks
Curator Picks
Quizzes by...
Day
Popularity
Type
Ratings
Length
Year
Community
Subscriptions
Recent Discussions
Orange Saloon
Badges
Playlists
Quests
Create
Leaderboards
Showdown
Live 5
Trivia Bingo
Activity
Puzzle Library
Sporcle Events
Private Events
Virtual Trivia
Globe League
Become a Host
Pub Owners
SporcleCon
Opinionation
Our Games
Videos
Blog
Mobile Apps
Partnerships
Remove Ads and Go Orange
Feedback
Movies
Disney
Marvel Cinematic Universe
Movie Resume
Movie Titles
Oscar
Actor
Actress
Director
Pixar
Role
Movie Quotes
Movie Characters
Box Office
Nominee
Best Picture
Star Wars
James Bond
Horror Movies
Movies
Disney
Marvel Cinematic Universe
Movie Resume
Movie Titles
Oscar
Actor
Actress
Director
Pixar
Role
Movie Quotes
Movie Characters
Box Office
Nominee
Best Picture
Star Wars
James Bond
Horror Movies
Random Quiz
Search Sporcle
×
Quiz Lab
Quiz Lab
Movies
Famous
Type in answers that appear in a list
Type in answers that appear in a list
Classic
Best Score? Go Orange.
Famous Movie Quotes Stats
Can you name the movie quotes?
By
ladida448
8m
20 Questions
427 Plays
427 Plays
427 Plays
Comments
Comments
Give Quiz Kudos
Give Quiz Kudos
-
- Ratings
hide this ad
Replay
Link that replays current quiz
Next Quiz
Link to next quiz in quiz playlist
You Got
0%
They Got
Avg Score
25%
Avg Friend Score
Upgrade to see
Score Distribution
Jump to the score distribution portion of the page
Score
0/20
Timer
08:00
0
Plays Today
movie quote
movie
% Correct
Snakes, why did it have to be snakes?
Raiders of the Lost Ark
56.7%
God creates earth, God creates dinosaur, god destroys dinosaur. God creats man, man destroys god, Man creates dinosaur. Dinosaur destroys man ... woman inherits the earth.
Jurassic Park
53.6%
Hey Marv. Look at this. I think we're gettin' scammed by a kindy-
gartener !
Home Alone
47.8%
You ever dance with the devil in the pale moonlight?
Batman
47.5%
I can't think about it now. I'll go crazy if I do. I'll think about it tomorrow. after all, tomorrow is another day!
Gone with the Wind
43.6%
You'll regret it. Maybe not today, maybe not tomorrow, but soon and for the rest of your life.
Casablanca
34%
Dear Lord baby Jesus, we thank you so much for this bountiful harvest of Dominos, KFC, and the always delicious Taco Bell. I just want to take time to say thank you for my family.
Talladega Nights: The Ballad of Ricky Bobby
30.2%
She's my sister and my daughter!
Chinatown
29%
Me? I'm dishonest. And you can always trust a dishonest man to be dishonest. Honestly, it's the honest ones you want to watch out for, because you never know when the're going to d
Pirates of the Caribbean: The Curse of the Black Pearl
24.8%
I live my life a quarter mile at a time. For those 10 seconds I'm in that car, I'm free.
The Fast and the Furious
22.7%
movie quote
movie
% Correct
Merry Christmas...**** was full
National Lampoon's Christmas Vacation
16.9%
If I ever go looking for my hearts desire I won't look any farther than my own back yard... because if it isn't there I never lost to begin with.
The Wizard of Oz
16.4%
what if i'm not the hero, what if I'm the bad guy?
Twilight
15.2%
You're nothing to me now. You're not a brother; you're not a friend. I don't want to know you or what you do. I don't want to see you at the hotels, I don't want you near my house.
The Godfather, Part II
12.6%
Summer romances end for all kinds of reasons, but when all is said and done, they have one thing in common. They're shooting stars, a spectacular moment of light in the heavens, fl
The Notebook
12.2%
Dont you blame the movies...movies dont create psychos, movies make psychos more creative!
Scream
12.2%
hi brad...you know how cute i always thought you were?
Fast Times at Ridgemont High
11.2%
Oh, sugar, you just gone and done the dumbest thing in your whole life.
Sin City
8%
As my grandpappy Old Reliable used to say… Don’t recollect if I’ve ever mentioned Old Reliable before?
Lady and the Tramp
8%
we'll kill the first born male child in ever household...no that's a little too Jewish
Blazing Saddles
7.5%
Quiz Playlist
Details
Report
Send in Message
Add To Playlist
Classic:
Type in answers that appear in a list
Last Updated: Feb 16, 2017
Quiz Scoreboard
CHALLENGE
Sign Up to Join the Scoreboard
Show All
Scores
Hide
Comments
May contain spoilers
Recently Published
Find the 'City' Movie
by crazypaving
Movies
60s
5x2 Blitz: Bands
by SL_Kpop136
Music
30s
Colored Red Africa Blitz
by spor1
Geography
30s
More to Explore
Quiz From the Vault
Featured Blog Post
14 Easter Pick-up Lines to Find Eggs With
hide this ad
You Might Also Like...
Tags
Famous Quiz
Quote Quiz
Today's Top Quizzes in Movies
Browse Movies
hide this ad
Today's Top Quizzes in Famous
Browse Famous
Top Contributed Quizzes in Movies
1
Find The 'Big' Movie
2
Find The 'Blue' Movie
3
Find The 'Wild' Movie
4
Movies By Plot
5
Hidden Star Wars Character II
6
Pick 5 Posters: Directed by Spielberg
7
Hidden Star Wars Character III
8
Hidden Star Wars Character IV
9
25 Best Actor Nominees (1990s)
10
Alfred Hitchcock Movies by Plot
Explore More
Trending Topics
Harry Potter
NBA
Kpop
Crossword
Marvel
Disney
Anime
Soccer
Song
Pokémon
NFL
Country
WWE
Puzzle
The Office
hide this ad
More By:
ladida448
Quiz
Plays
Rating
Category
Featured
Created
Nickelodeon's SNICK in the 90s
911
3.75
Television
Dec 21, 2009
Famous Movie Quotes
427
1.63
Movies
Dec 2, 2009
Go to Creator's Profile
Score Distribution
Quiz Creator Spotlight
ladida448
Follow
Send a Message
Quizzes Created
-
Created Quiz Play Count
-
More By This Creator
Popular Quizzes Today
1
Colored Red Africa Blitz
2
Find the 'City' Movie
3
Find the US States - No Outlines Minefield
4
5x2 Blitz: Bands
5
The Countries of the World
6
Find the US States
7
Find the Countries of Europe - No Outlines Minefield
8
US States
More Movies Quizzes
Actor to Badly Drawn Movie II
Published
Trending Quizzes
Colored Red Europe Blitz I
Colored Red Europe Blitz II
Colored Red Africa Blitz II
Colored Red Europe Blitz III
Colored Red Africa Blitz III
Recently Updated
How Do You Spell That?
pecheneg
Godzilla Movies
pecheneg
Grab Bag: 4-10 Letters
pecheneg
2024 March Madness Bracket
pecheneg
Famous TV Couples
Peacemaker
Champions League XIs: Real Madrid
pecheneg
Largest US Cities 1790-2010
pecheneg
Rides in Walt Disney World
pecheneg
Most Oscar Losses (Acting)
pecheneg
Beyoncé Albums
pecheneg
Trending Topics
Kpop
Harry Potter
NBA
Marvel
Crossword
Anime
Disney
Puzzle
NFL
The Office
Country
WWE
Soccer
Pokémon
Song
Your Account Isn't Verified!
In order to create a playlist on Sporcle, you need to verify the email address you used during registration. Go to your
Sporcle Settings
to finish the process.
Report this User
Report this user for behavior that violates our
Community Guidelines
.
Details:
Send Report
Go to the Sporcle.com Mobile Site →
Comments